The literature of the philippines (Record no. 2213)
[ view plain ]
| 000 -LEADER | |
|---|---|
| fixed length control field | 00455nam a22001697a 4500 |
| 003 - CONTROL NUMBER IDENTIFIER | |
| control field | URS |
| 005 - DATE AND TIME OF LATEST TRANSACTION | |
| control field | 20220114153017.0 |
| 008 - FIXED-LENGTH DATA ELEMENTS--GENERAL INFORMATION | |
| fixed length control field | 191016s2003 ph |||| |||| 00| 0 eng d |
| 020 ## - INTERNATIONAL STANDARD BOOK NUMBER | |
| International Standard Book Number | 9712337405 |
| 040 ## - CATALOGING SOURCE | |
| Transcribing agency | URS |
| Language of cataloging | eng |
| Modifying agency | rda |
| 050 14 - LIBRARY OF CONGRESS CALL NUMBER | |
| Classification number | PL 6141 |
| Item number | .L139 2003 |
| 100 ## - MAIN ENTRY--PERSONAL NAME | |
| Personal name | Lacia,Ferdilyn C. |
| 245 14 - TITLE STATEMENT | |
| Title | The literature of the philippines |
| Statement of responsibility, etc. | Ferdilyn C.Lacia |
| 260 ## - PUBLICATION, DISTRIBUTION, ETC. | |
| Place of publication, distribution, etc. | Manila: |
| Name of publisher, distributor, etc. | Rex Bookstore; |
| Date of publication, distribution, etc. | [2003] |
| 300 ## - PHYSICAL DESCRIPTION | |
| Extent | xiiv 974 pages |
| Dimensions | 22 cm |
| 942 ## - ADDED ENTRY ELEMENTS (KOHA) | |
| Source of classification or shelving scheme | Library of Congress Classification |
| Koha item type | Filipiniana |
| Withdrawn status | Source of classification or shelving scheme | Damaged status | Not for loan | Collection code | Home library | Current library | Shelving location | Date acquired | Total Checkouts | Full call number | Barcode | Date last seen | Price effective from | Koha item type | Copy number |
|---|---|---|---|---|---|---|---|---|---|---|---|---|---|---|---|
| Library of Congress Classification | Non-fiction | Cainta College Library | Cainta College Library | On Display | 10/09/2017 | PL6141.L139 2003 | URSCAI-1372 | 10/09/2017 | 10/09/2017 | Filipiniana | |||||
| Library of Congress Classification | Non-fiction | Cainta College Library | Cainta College Library | On Display | 10/09/2017 | PL6141.L139 2003 | URSCAI-2520 | 10/09/2017 | 10/09/2017 | Filipiniana | |||||
| Library of Congress Classification | Non-fiction | Cainta College Library | Cainta College Library | On Display | 10/09/2017 | PL6141.L139 2003 | URSCAI-1373 | 10/09/2017 | 10/09/2017 | Filipiniana | |||||
| Library of Congress Classification | Non-fiction | Cainta College Library | Cainta College Library | On Display | 10/09/2017 | PL6141.L139 2003 | URSCAI-1374 | 10/09/2017 | 10/09/2017 | Filipiniana | |||||
| Library of Congress Classification | Non-fiction | Cainta College Library | Cainta College Library | On Display | 10/09/2017 | PL6141.L139 2003 | URSCAI-2174 | 10/09/2017 | 10/09/2017 | Filipiniana | |||||
| Library of Congress Classification | Non-fiction | Cainta College Library | Cainta College Library | On Display | 10/09/2017 | PL6141.L139 2003 | URSCAI-2173 | 10/09/2017 | 10/09/2017 | Filipiniana | |||||
| Library of Congress Classification | Non-fiction | Pililla College Library | Pililla College Library | General Stacks | 11/06/2017 | 899.22 L11 2003 | URSPIL-1574 | 07/24/2018 | 11/06/2017 | Filipiniana | 1 |